[Event "41st Eastman Open Ghent"]
[Site "Ghent"]
[Date "2018.07.14"]
[Round "1.1"]
[White "Michiels, Bart"]
[Black "Van de Gevel, Ed"]
[Result "1-0"]
[WhiteElo "2554"]
[BlackElo "1850"]
[Annotator "TA"]
[PlyCount "53"]
[EventDate "2018.07.15"]
[EventCountry "BEL"]
[SourceTitle "playchess.com"]
[Source "ChessBase"]
[SourceQuality "1"]

{[%evp 18,53,28,22,38,43,93,100,101,105,96,101,91,52,104,122,93,127,180,175,627,621,618,616,926,733,783,771,810,799,922,876,1468,979,1470,1464,1409,1364]} 1. c4 f5 2. Nf3 Nf6 3. g3 g6 4. Bg2 Bg7 5. d4 d6 6. Nc3 O-O 7. O-O c6 8. Rb1 a5 9. b3 {A88: Holländische Verteidigung (Leningrader Variante)} (9. d5 e5 10. dxe6 Bxe6 11. b3 Qe7 12. Bf4 Rd8 13. Qd2 d5 14. cxd5 Nxd5 15. Nxd5 Bxd5 16. Bg5 Bf6 17. Bxf6 Qxf6 {0-1 (70) Sarana,A (2543)-Mamedyarov,S (2791) Sochi 2017}) 9... Na6 10. Bb2 {LiveBook: 18 Partien} Qe8 11. Na4 {Weiß steht etwas besser.} Ne4 $146 ({Vorgänger:} 11... b5 12. cxb5 cxb5 13. Nb6 Rb8 14. Nxc8 Rxc8 15. Rc1 Qd7 16. Nd2 Rxc1 17. Qxc1 {1-0 (34) Olaizola Ortega,L (2194)-Smyrek,I (2031) France 2004}) 12. Nb6 Ra7 13. Nd2 Nxd2 14. Qxd2 Nc7 15. e4 f4 ({Günstiger ist} 15... fxe4 $14 16. Nxc8 (16. Bxe4 Bg4 $14) 16... Qxc8) 16. gxf4 $16 Bh6 17. Nxc8 Qxc8 {[#]} 18. d5 $1 {Droht stark Dd4.} Bxf4 $2 (18... e5) 19. Qd4 $18 {[%csl Gb2][%cal Rd4g7] Weiß steht klar auf Gewinn.} e5 20. Qxa7 Qg4 21. Bc1 Ne8 22. f3 Qh5 23. Bxf4 Rxf4 24. Qxb7 Rh4 25. h3 Qg5 26. dxc6 Qe3+ 27. Rf2 1-0

[Event "41st Eastman Open Ghent"]
[Site "Ghent"]
[Date "2018.07.14"]
[Round "1.2"]
[White "Vanhauwaert, Kurt"]
[Black "Epishin, Vladimir"]
[Result "0-1"]
[WhiteElo "1835"]
[BlackElo "2541"]
[Annotator "TA"]
[PlyCount "66"]
[EventDate "2018.07.15"]
[EventCountry "BEL"]
[SourceTitle "playchess.com"]
[Source "ChessBase"]
[SourceQuality "1"]

{[%evp 9,66,34,37,29,67,42,65,40,35,28,41,-19,-8,-16,-21,-13,-9,-12,-22,-19,-12,-17,-14,-36,-36,-41,-25,-37,-43,-124,-124,-119,-120,-129,-118,-130,-127,-132,-126,-172,-164,-357,-94,-228,-235,-221,-232,-309,-308,-316,-285,-312,-308,-306,-302,-383,-374,-422,-357]} 1. e4 g6 2. d4 Bg7 3. Nf3 d6 4. Be3 Nf6 5. Bd3 Nc6 (5... O-O 6. h3 c5 7. c3 b6 8. Nbd2 e6 9. O-O Bb7 10. Qe2 Nbd7 11. a4 a6 12. b4 h6 13. bxc5 bxc5 14. Rfb1 {1-0 (30) Fernandez,D (2344)-Speelman,J (2507) England 2011}) 6. c3 {B06: Modern Defence} Ng4 7. Bg5 h6 $146 ({Predecessor:} 7... f6 8. Bh4 Bd7 9. Nbd2 e5 10. Bb5 Na5 11. Ba4 Qe7 12. d5 b6 13. b4 {½-½ (37) Temraz,S-Hazimeh,B Beirut 2007}) 8. Bh4 {White is slightly better.} Nf6 9. Nbd2 Nh5 10. Bg3 (10. Bc2 $14) 10... O-O 11. O-O e5 12. dxe5 Nxg3 13. hxg3 Nxe5 14. Nxe5 Bxe5 15. Nf3 Bg7 16. Qb3 c6 17. Rad1 Qf6 18. Nh4 Re8 19. e5 (19. f4 $15) 19... dxe5 $17 20. Rfe1 Bg4 21. Nf3 Rad8 22. Be4 Rxd1 23. Rxd1 Qe7 24. Rd2 Kh7 {Hoping for ...f5.} 25. Qa4 $2 {[#]} (25. Nh2 {keeps fighting.} Be6 26. Qa4) 25... h5 $2 (25... f5 $19 {and Black stays clearly on top.} 26. Bc2 e4) 26. Qb4 (26. Qxa7 $17 Be6 27. Bc2) 26... Qxb4 $19 27. cxb4 Bh6 28. Rd6 Bf8 29. Rd3 Kg8 ({Weaker is} 29... Bxb4 30. Rb3 $17) 30. Re3 Bxb4 31. a3 Bc5 32. Rb3 Bb6 33. Nd2 Be6 {Precision: White = 24%, Black = 63%.} 0-1

[Event "41st Eastman Open Ghent"]
[Site "Ghent"]
[Date "2018.07.14"]
[Round "1.3"]
[White "Moradiabadi, Elshan"]
[Black "Van Nassau, Erik"]
[Result "1-0"]
[WhiteElo "2538"]
[BlackElo "1816"]
[Annotator "TA"]
[PlyCount "45"]
[EventDate "2018.07.15"]
[EventCountry "BEL"]
[SourceTitle "playchess.com"]
[Source "ChessBase"]
[SourceQuality "1"]

{[%evp 12,45,14,1,42,23,12,17,4,26,45,55,56,63,69,68,97,91,66,63,144,147,165,178,510,384,799,803,1085,1073,1824,1487,29990,29991,29991,29992]} 1. d4 Nf6 2. c4 g6 3. Nf3 Bg7 4. g3 d5 5. Bg2 O-O 6. O-O c6 7. Nbd2 {LiveBook: 705 Games} Nfd7 {D78: Fianchetto Grünfeld: 6 0-0 c6} (7... a5 8. b3 a4 9. Ba3 Re8 10. e3 Bf5 11. Qe2 e6 12. h3 Ne4 13. Rfc1 h5 14. Ne5 Nxd2 15. Qxd2 Nd7 16. Nd3 {½-½ (49) Caruana,F (2799)-Grischuk,A (2782) Saint Louis 2017}) 8. Qb3 $146 ({Predecessor:} 8. e4 dxe4 9. Nxe4 Nb6 10. b3 Bf5 11. Re1 N8d7 12. Bb2 Qc7 13. Nh4 Bxe4 14. Rxe4 Nf6 15. Re2 {0-1 (43) Efimov,I (2095)-Zhizduk,V (1940) Saratov 2015}) 8... Nb6 9. c5 N6d7 {The position is equal.} 10. e4 dxe4 11. Nxe4 Nf6 12. Nxf6+ Bxf6 13. Bh6 Bg7 14. Bxg7 Kxg7 15. Rfe1 {[%cal Bf1e1,Be1e3,Be3e7][%mdl 32]} Qc7 (15... Na6 $14) 16. Re3 $36 {[%mdl 2048] White has strong initiative.} h6 17. Rae1 Be6 $2 {[#]} (17... e6 {is a better chance.} 18. Qc3 Kh7) 18. d5 $1 {[%mdl 512]} Bxd5 $2 (18... cxd5 19. Rxe6 Nc6 20. Qc3+ (20. Qxd5 fxe6 21. Nd4 exd5 $11) 20... Kh7) 19. Qc3+ $18 Kg8 20. Rxe7 Qd8 21. Nh4 Kh7 22. Qf6 Rg8 23. Bxd5 {Precision: White = 84%, Black = 19%.} 1-0

[Event "41st Eastman Open Ghent"]
[Site "Ghent"]
[Date "2018.07.14"]
[Round "1.5"]
[White "Docx, Stefan"]
[Black "Kuijpers, Domien"]
[Result "1-0"]
[WhiteElo "2450"]
[BlackElo "1836"]
[Annotator "TA"]
[PlyCount "57"]
[EventDate "2018.07.15"]
[EventCountry "BEL"]
[SourceTitle "playchess.com"]
[Source "ChessBase"]
[SourceQuality "1"]

{[%evp 14,57,29,-23,29,39,104,97,100,111,119,94,136,95,207,190,258,222,305,263,293,304,304,266,382,383,377,197,423,242,531,289,339,321,404,357,384,374,345,281,310,268,2190,2157,2150,2189]} 1. c4 e6 2. Nf3 d5 3. e3 Nf6 4. b3 Nbd7 5. Bb2 Be7 (5... Bd6 6. Nc3 c6 7. d4 O-O 8. Bd3 Qe7 9. O-O a6 10. Qc2 b5 11. e4 dxc4 12. bxc4 e5 13. Ne2 Bb7 14. c5 Bc7 15. Rac1 exd4 16. Nexd4 g6 17. g3 {1-0 (54) Jaracz,P (2460)-Skawinski,A (2423) Zgierz 2018}) 6. Nc3 {A13: English Opening: 1...e6} c6 7. Qc2 O-O 8. Rg1 {LiveBook: 3 Games} (8. d4 $142) 8... Re8 ({Better is} 8... b5) 9. g4 $11 {[%cal Bg2g4,Bg4g5][%mdl 32]} Nf8 (9... g6 $14) 10. g5 $16 N6d7 11. h4 b6 $146 ({Predecessor:} 11... f6 12. cxd5 exd5 13. Nd4 Ne5 14. f4 c5 15. fxe5 cxd4 16. gxf6 Bxf6 17. exf6 dxc3 18. Rxg7+ Kh8 19. Qxc3 d4 20. Qxd4 {1-0 (20) Tschann,S (2224)-Staechelin,R (2078) Basel 2013}) 12. cxd5 exd5 13. Nd4 Bb7 (13... Ne5 $16) 14. Nf5 $18 Ne5 (14... Ne6 $142) 15. Be2 Ne6 16. f4 Nd7 17. O-O-O Rc8 18. Bd3 Ndf8 (18... c5 {was called for.} 19. Nxe7+ Qxe7 20. Bxh7+ Kh8) 19. Ne2 c5 {[#]} 20. Bb5 (20. Bxg7 $142 $1 {[%mdl 512]} Nd4 (20... Nxg7 21. Nh6+) 21. exd4 cxd4 22. Nc3 (22. Nexd4 Rxc2+ 23. Kxc2 Ne6 $11) 22... dxc3 23. dxc3) 20... Bc6 $2 {[#]} (20... d4 21. Bxe8 Qxe8 22. Nxe7+ Qxe7) 21. Ba6 (21. Bxg7 $142 $1 {[%mdl 512]} Bxb5 (21... Nxg7 22. Nh6+) 22. Be5) 21... Rc7 $2 (21... d4 {is a better defense.} 22. Bxc8 (22. exd4 Rc7 $16) 22... Qxc8 23. Nxe7+ (23. exd4 Ng6 $18) 23... Rxe7) 22. Nh6+ gxh6 23. gxh6+ Ng6 24. h5 Bf6 25. f5 ({Less strong is} 25. hxg6 Bxb2+ 26. Kxb2 fxg6 $18) 25... Nef8 26. hxg6 ({Don't play} 26. fxg6 Bxb2+ 27. Kxb2 fxg6 $18) 26... fxg6 27. fxg6 Nxg6 $2 (27... Bxb2+ 28. Kxb2 hxg6) 28. Rxg6+ hxg6 29. Qxg6+ {Precision: White = 69%, Black = 19%.} 1-0

[Event "41st Eastman Open Ghent"]
[Site "Ghent"]
[Date "2018.07.14"]
[Round "1.6"]
[White "Hesselink, Rutger"]
[Black "Quillan, Gary"]
[Result "0-1"]
[WhiteElo "1790"]
[BlackElo "2349"]
[Annotator "TA"]
[PlyCount "70"]
[EventDate "2018.07.15"]
[EventCountry "BEL"]
[SourceTitle "playchess.com"]
[Source "ChessBase"]
[SourceQuality "1"]

{[%evp 15,70,-23,40,0,13,0,0,0,0,-7,-9,-2,-1,-20,37,33,40,-18,-16,-18,-17,-60,-60,-61,-60,-60,-60,-60,-60,-60,-60,-60,-60,-60,-47,-60,-60,-238,-226,-239,-234,-393,-231,-211,-106,-104,-108,-613,-521,-880,-864,-829,-818,-29994,-4121,-29997,-29998]} 1. e4 e6 2. d4 d5 3. Nc3 Bb4 4. e5 c5 5. a3 Bxc3+ 6. bxc3 Ne7 7. Bd3 Nbc6 8. Qg4 Qc7 {LiveBook: 7 Games} (8... c4 $11 9. Be2 (9. Qxg7 Rg8 $17) 9... O-O) 9. Bd2 {C18: French: 3 Nc3 Bb4: Main line: 7 h4 and 7 Qg4} Bd7 (9... cxd4 10. cxd4 Nxe5 11. dxe5 Qxe5+ 12. Ne2 Qxa1+ 13. Bc1 O-O 14. Qb4 Ng6 15. h4 a5 16. Qc5 b6 17. Qxb6 Nf4 18. O-O Nxd3 19. cxd3 {0-1 (33) Borocz,I (2388)-Gonda,L (2540) Hungary 2015}) 10. Nf3 c4 11. Be2 {The position is equal.} Nf5 12. O-O O-O-O 13. Nh4 {Hoping for Nxf5.} h5 $146 ({Predecessor:} 13... Nce7 14. Bg5 Rdg8 15. Nxf5 Nxf5 16. Qh3 h6 17. Bd2 Qd8 {½-½ (17) Homonnay,A-Mohacsi,A Gyongyos 1994}) 14. Qh3 Nfe7 (14... Nce7 $11) 15. Bg5 $14 Rdf8 16. Bxe7 ({White should play} 16. Bf4 $14) 16... Nxe7 $11 17. f4 g6 18. a4 Qa5 $1 19. Rfb1 f6 20. Qe3 fxe5 21. dxe5 Nf5 22. Nxf5 gxf5 23. Rb4 Bc6 24. Bf3 Rfg8 25. Kf2 Rg7 26. g3 $2 (26. Kg1 $15) 26... h4 $19 {[%cal Bh5h4,Bh4h3][%mdl 32]} 27. Qd4 Kb8 28. Rab1 $2 (28. Rg1) 28... Ka8 (28... hxg3+ $142 29. hxg3 Qd8) 29. Rg1 {and the idea g4 leaves White hopeful.} Qd8 ({Weaker is} 29... Bxa4 30. Ra1 $11) ({Black should try} 29... hxg3+ $19 30. hxg3 Qd8) 30. g4 $17 fxg4 31. Bxg4 $2 {[%mdl 8192] [#]} (31. Rxg4 $17 Rxg4 32. Bxg4) 31... h3 $1 $19 32. Kf3 Rhg8 33. Rbb1 Qh4 34. Bxe6 {[#]} Qh5+ (34... Rg2 $142 $1 {[%mdl 512]} 35. Rxg2 Rxg2 36. Qc5 Qh5+ 37. Bg4 Qxg4+ 38. Ke3 Qe2+ 39. Kd4 Qf2#) 35. Kf2 Rg2+ {Precision: White = 39%, Black = 61%.} 0-1

[Event "41st Eastman Open Ghent"]
[Site "Ghent"]
[Date "2018.07.14"]
[Round "1.7"]
[White "Arman, Deniz"]
[Black "Clavero, José Miguel"]
[Result "1-0"]
[WhiteElo "2366"]
[BlackElo "1809"]
[Annotator "TA"]
[PlyCount "69"]
[EventDate "2018.07.15"]
[EventCountry "BEL"]
[SourceTitle "playchess.com"]
[Source "ChessBase"]
[SourceQuality "1"]

{[%evp 27,69,42,56,27,22,28,25,7,15,14,7,3,62,64,62,62,65,63,128,82,153,143,242,222,274,235,210,204,205,195,258,260,659,664,12839,12839,12801,5694,29987,12840,12841,12841,12839,5735]} 1. e4 {[%cal Be2e4,Be4e5][%mdl 32]} c5 2. d4 cxd4 3. c3 Nf6 4. e5 Nd5 5. Nf3 Nc6 6. Bc4 Nb6 7. Bb3 d5 8. exd6 Qxd6 9. O-O Bf5 10. Nxd4 Nxd4 11. cxd4 e6 12. Nc3 Be7 13. Qf3 O-O 14. d5 {B22: Sicilian: 2 c3} Qd7 {[#] LiveBook: 10 Games} 15. Bf4 $146 {[%cal Bc1f4,Bf4e5,Be5c3][%mdl 32]} ({Predecessor:} 15. dxe6 Bxe6 16. Rd1 Qc6 17. Qxc6 bxc6 18. Bxe6 fxe6 19. Ne4 Bf6 20. Nxf6+ gxf6 21. Be3 Nd5 {½-½ (64) Voitsekhovsky,S (2506)-Amonatov,F (2598) Kaluga 2007}) 15... exd5 16. Nxd5 {The position is equal.} Nxd5 17. Bxd5 Bg4 18. Qb3 Rad8 19. Bxb7 g5 (19... Bf6 $11) 20. Be5 $14 Be6 21. Qf3 g4 22. Qe4 f6 (22... f5 $14 23. Qc6 Bf6) 23. Bc6 Qc8 {[#]} ({Black should try} 23... Qd3 24. Qxd3 Rxd3) 24. Bc3 $1 $16 Rf7 (24... f5 $16 25. Qa4 (25. Qe5 Bf6 $11) 25... Bf6) 25. Rfd1 Rd6 26. Rxd6 Bxd6 27. Bd5 Bxd5 28. Qxd5 Qc5 (28... Bf8 $142 29. Bxf6 Qc5) 29. Qe6 $18 Bxh2+ $2 {[#]} (29... Be5 30. Qxg4+ Rg7 31. Qe6+ Kh8) 30. Kxh2 Qxf2 31. Qc8+ Rf8 32. Qxg4+ Kf7 33. Qc4+ (33. Rd1 $142 Qe3 34. Rd7+ Ke8 35. Rxh7 Qh6+ 36. Rxh6 Ke7 37. Rh7+ Kd6 38. Bb4+ Kd5 39. Qd7+ Ke5 40. Re7+ Kf4 41. Bd2#) 33... Kg6 34. Rf1 Qe3 35. Qg4+ {Precision: White = 68%, Black = 23%.} 1-0

[Event "41st Eastman Open Ghent"]
[Site "Ghent"]
[Date "2018.07.14"]
[Round "1.8"]
[White "Bauwens, Steven"]
[Black "Sarrau, Jelle"]
[Result "0-1"]
[WhiteElo "1802"]
[BlackElo "2366"]
[Annotator "TA"]
[PlyCount "148"]
[EventDate "2018.07.15"]
[EventCountry "BEL"]
[SourceTitle "playchess.com"]
[Source "ChessBase"]
[SourceQuality "1"]

{[%evp 9,148,-54,-28,-63,-33,-58,-49,-68,-68,-74,-63,-69,-72,-75,-64,-77,-65,-95,-50,-48,-40,-54,-33,-85,-47,-70,-53,-65,-70,-120,-102,-113,-92,-99,-91,-92,-85,-93,-77,-80,-80,-123,-125,-126,-100,-100,-107,-141,-129,-141,-141,-152,-141,-152,-146,-152,-141,-141,-141,-149,-141,-141,-112,-150,-117,-122,-123,-195,-121,-195,-195,-195,-195,-184,-113,-379,17,31,31,14,26,-366,-397,-384,-382,-351,-235,-235,-235,-235,-235,-235,-235,-235,-235,-235,-235,-5465,-4334,-2295,-2087,-7172,-7158,-6917,-6499,-5887,-1962,-1829,-2656,-2326,-2266,-1725,-1341,-29974,-29975,-29980,-29982,-29984,-29984,-29984,-12825,-29978,-29978,-29977,-29978,-29984,-29985,-29986,-29987,-29988,-29988,-29988,-12836,-29987,-29988,-29992,-29989,-29997,-29998,-29998,-29999]} 1. b3 e5 2. Bb2 Nc6 3. g3 d5 4. Bg2 Nf6 5. e3 Bg4 {LiveBook: 7 Games} (5... Be7 6. d3 Be6 7. Ne2 O-O 8. Nd2 a5 9. a3 Qd7 10. h3 d4 11. e4 g6 12. f4 exf4 13. gxf4 {½-½ (42) Kamsky,G (2762)-Grischuk,A (2764) Beijing 2012}) 6. Qc1 {A01: Nimzowitsch-Larsen Opening} Bd6 $146 ({Predecessor:} 6... e4 7. d3 Bb4+ 8. Nc3 d4 9. exd4 Qxd4 10. Qd2 Ne5 11. Na4 {0-1 (28) Kueblboeck,T-Meier,S Germany 2004}) 7. h3 Bf5 {Strongly threatening ...Nb4.} 8. d3 {Black is slightly better.} e4 9. d4 h5 10. a3 Ne7 11. c4 c6 12. Nc3 a6 13. Qd2 Be6 14. c5 Bc7 15. O-O-O b6 {[%cal Bb7b6,Bb6b5][%mdl 32]} 16. Nge2 (16. cxb6 $1 $15 Bxb6 17. Nge2) 16... Nd7 17. Na4 b5 18. Nac3 a5 19. Nb1 Ng6 20. Qc2 Qg5 21. Rdg1 Nf6 22. Nd2 Ne7 23. Kb1 Nf5 24. Nf4 Bc8 25. h4 Qh6 26. Bh3 Ne7 27. Bxc8 Rxc8 28. Nh3 Ng4 29. Bc1 Qf6 30. Rg2 Nf5 31. Nf1 Qe7 32. Qe2 Kd7 33. Rgg1 Rcg8 34. Bb2 Rh6 35. Bc1 Kd8 36. Qd2 a4 37. b4 Rf6 38. Nf4 (38. Qe2 $17) 38... Rh8 (38... Bxf4 $1 $19 39. exf4 Rg6) 39. Qe2 (39. Nh3 $17 {was called for.}) 39... Bxf4 $1 $19 40. gxf4 Rg6 41. Ng3 Qe6 (41... Nxh4 $19 42. f5 Rgh6 43. Nxh5 Rxh5 44. Qxg4 R5h7) 42. Bb2 $2 {[%mdl 8192] [#]} (42. Nxf5 $17 Qxf5 43. Qc2) 42... Qf6 $2 ({Black should play} 42... Ngxe3 $1 $19 {[%mdl 512] And now ...Nxg3 would win.} 43. Nxh5 (43. fxe3 Nxg3) 43... Nc4) 43. Nxe4 $1 $11 Qe7 44. Ng5 {Threatens to win with e4.} f6 {[%cal Bf7f6,Bf6g5][%mdl 32]} 45. Rxg4 $2 {[%mdl 8192]} (45. Nf3 $1 $11 {and White is okay.}) 45... hxg4 $19 46. Qxg4 fxg5 (46... Qe4+ $2 47. Nxe4 Rxg4 48. Nc3 $19) 47. Qxf5 Rf6 48. Qe5 Qxe5 49. dxe5 {[#]} Rfh6 $1 50. fxg5 Rxh4 51. Rxh4 Rxh4 {[%mdl 4096] Endgame KR-KB} 52. f4 g6 {[%cal Bg7g6,Bg6f5][%mdl 32]} 53. f5 $2 (53. Kc2) 53... gxf5 54. e6 Ke7 55. g6 Rh1+ 56. Ka2 Rg1 57. g7 Kxe6 58. Bd4 Rg2+ 59. Kb1 Kf7 60. Kc1 Rf2 61. Kb1 f4 62. exf4 Rxf4 63. Be5 Re4 64. Bc3 Re2 (64... Rc4 $142 65. Be5 d4 66. Bf6 d3 67. Bg5 Kxg7 68. Bd2 Kg6 69. Bc1 Kf5 70. Be3 Kg4 71. Ka1 Kf3 72. Bh6 Ke2 73. Ka2 d2 74. Bxd2 Kxd2 75. Kb2 Rc2+ 76. Kb1 Kc3 77. Ka1 Kb3 78. Kb1 Rc3 79. Ka1 Rc1#) 65. Bd4 Rg2 66. Kc1 Ke6 67. Kb1 Kf5 68. Bc3 Ke4 69. Bf6 Kd3 70. Be5 Kc4 (70... d4 $142 71. Kc1 Kc3 72. Kd1 Kb3 73. Ke1 d3 74. Kd1 Kxa3 75. Ke1 Kxb4 76. Ba1 d2+ 77. Kd1 Kxc5 78. g8=Q Rxg8 79. Bb2 Kc4 80. Kxd2 Rg2+ 81. Kc1 {[#]} Rxb2 $1 {[%mdl 512]} 82. Kxb2 b4 83. Kb1 b3 84. Kb2 Kd3 85. Kc1 a3 86. Kd1 a2 87. Ke1 Ke3 88. Kf1 a1=Q+ 89. Kg2 Qg7+ 90. Kh3 Kf3 91. Kh4 Qh6#) 71. Bb2 d4 {Black mates.} 72. Bc1 Rxg7 73. Ka1 Kb3 74. Kb1 Rg1 {Precision: White = 28%, Black = 52%.} 0-1

[Event "41st Eastman Open Ghent"]
[Site "Ghent"]
[Date "2018.07.14"]
[Round "1.9"]
[White "Foisor, Sabina Francesca"]
[Black "Jorritsma, Stefan"]
[Result "1-0"]
[WhiteElo "2326"]
[BlackElo "1805"]
[Annotator "TA"]
[PlyCount "47"]
[EventDate "2018.07.15"]
[EventCountry "BEL"]
[SourceTitle "playchess.com"]
[Source "ChessBase"]
[SourceQuality "1"]

{[%evp 17,47,16,49,52,57,23,33,12,33,0,31,22,36,36,42,34,81,81,139,138,142,128,303,295,282,302,334,325,492,514,511,499]} 1. d4 Nf6 2. c4 g6 3. Nc3 Bg7 4. Nf3 O-O 5. g3 d6 6. Bg2 Nbd7 7. O-O e5 8. e4 Re8 9. Re1 {E68: Königsindisch (Hauptvariante des g3-Systems mit e2-e4)} (9. h3 exd4 10. Nxd4 a6 11. Be3 Rb8 12. b3 Nc5 13. Qc2 Bd7 14. b4 Ne6 15. Nb3 Qc8 16. Kh2 b5 17. c5 Nd8 18. Rad1 Nc6 19. a3 Ne5 {½-½ (53) Matlakov,M (2718)-Adhiban,B (2655) Wijk aan Zee 2018}) 9... a6 {LiveBook: 5 Partien} 10. d5 a5 11. h3 {Weiß steht etwas besser.} Nc5 12. b3 Bd7 $146 ({Vorgänger:} 12... h6 13. Qc2 Nh5 14. Be3 Kh7 15. Bxc5 dxc5 {½-½ (40) Melnikov,A (2108)-Thieme Garmann,A (2053) Heimbach Weis 2014}) 13. Qc2 Rf8 14. Bg5 h6 15. Be3 {Lxc5 ist eine echte Drohung.} b6 16. a3 {[%cal Ba2a3,Ba3b4][%mdl 32]} Kh7 17. b4 axb4 ({Besser ist} 17... Nb7) 18. axb4 $16 Rxa1 19. Rxa1 Ncxe4 $2 {[#]} (19... Nb7 $16 20. Qd1 Qc8) 20. Nxe4 $18 Nxe4 21. Qxe4 Bf5 22. Qh4 e4 (22... f6 $142 23. c5 dxc5) 23. Qxd8 Rxd8 24. Nd4 {Precision: Weiß = 54%, Schwarz = 30%.} 1-0

[Event "41st Eastman Open Ghent"]
[Site "Ghent"]
[Date "2018.07.14"]
[Round "1.10"]
[White "Dierckens, Sarah"]
[Black "Froeyman, Helmut"]
[Result "0-1"]
[WhiteElo "1783"]
[BlackElo "2290"]
[Annotator "TA"]
[PlyCount "98"]
[EventDate "2018.07.15"]
[EventCountry "BEL"]
[SourceTitle "playchess.com"]
[Source "ChessBase"]
[SourceQuality "1"]

{[%evp 13,97,0,0,-115,-118,-163,147,0,0,0,0,0,101,104,166,161,152,147,143,143,146,139,146,139,141,147,148,129,184,166,166,134,155,151,197,151,142,122,156,172,173,173,164,162,161,166,170,151,138,0,0,0,0,-112,-112,-105,-102,-113,-102,-106,-86,-92,-86,-127,-128,-133,-135,-217,-201,-235,-203,-337,-337,-331,-314,-347,-371,-362,-331,-425,-420,-602,-581,-29998,-29999,-29999]} 1. e4 e5 2. Nf3 Nc6 3. c3 Nf6 4. d4 Nxe4 5. d5 Bc5 6. dxc6 Bxf2+ {C44: Ponziani Opening and Scotch Gambit} 7. Ke2 Bb6 $1 {LiveBook: 14 Games} (7... dxc6 $6 8. Qxd8+ Kxd8 9. Nbd2 $16 (9. Nxe5 Re8 $15)) (7... O-O 8. Qd5 Nf6 9. cxb7 Nxd5 10. bxa8=Q Ba6+ 11. Kxf2 Qxa8 12. Bxa6 e4 13. Nd4 e3+ 14. Kg1 {1-0 (65) Nepomniachtchi,I (2730)-Sargissian,G (2686) Dubai 2014}) 8. Be3 (8. Qd5 $11 {was the only way to keep the balance.} Nf2 9. Rg1 (9. cxb7 Bxb7 10. Qxb7 Nxh1 $11) (9. Qxe5+ Kf8 $11) (9. Nxe5 O-O $17) (9. Bg5 f6 $17) 9... dxc6 10. Qxd8+ (10. Qxe5+ Kf8 $11) 10... Kxd8 11. Be3 Bxe3 12. Kxe3 Ng4+ 13. Kd2) 8... bxc6 $17 {Black is better.} 9. Qa4 $146 ({Predecessor:} 9. Bxb6 axb6 10. Nbd2 Nf6 11. Kf2 Qe7 12. b4 e4 13. Nc4 exf3 14. gxf3 {0-1 (23) Krabbe,T-De Rooi,P Amsterdam 1964}) 9... d5 $2 (9... Nf6 $1 $19 10. Nbd2 O-O) 10. Bxb6 ({Don't blunder} 10. Nxe5 $2 O-O $19) (10. Qxc6+ $16 Qd7 11. Qxd7+ (11. Qxa8 O-O $17) (11. Nxe5 Qxc6 12. Nxc6 Bb7 $16) 11... Kxd7 12. Nxe5+ Ke6 13. Nd3) 10... cxb6 $11 11. Qxc6+ Kf8 12. Nxe5 Be6 {[#]} (12... h5 $11 {remains equal.} 13. Kd1 Bg4+ 14. Kc2 Rh6) 13. Nf3 $1 $16 Rc8 (13... Bg4 $16 {was called for.}) 14. Qa4 $18 Qe7 {White must now prevent ...Nxc3+!} 15. Qa3 Rc5 {[#]} 16. Nbd2 $1 Bg4 17. Re1 Bxf3+ 18. Nxf3 {And now Kd1 would win.} Nxc3+ 19. Kf2 Ne4+ 20. Kg1 g6 (20... Rc2 $16 {might work better.}) 21. Bd3 Kg7 22. b4 Rc7 23. Qb2+ f6 24. Nd2 Re8 25. Bxe4 {Strongly threatening Kf2.} Rc6 26. Kf2 Re6 27. Re3 dxe4 28. Rhe1 Qd6 29. g3 ({Weaker is} 29. Rxe4 Rxe4 30. Rxe4 Rxe4 $17) 29... Qd5 30. a3 h5 31. Qc3 (31. Nf1 $16) 31... Rc6 $11 32. Qb2 {[%cal Re3e4]} Rec8 {...Rc2 is the strong threat.} 33. R1e2 (33. Rxe4 $11 Rc2 34. Re7+ Kg8 35. Re8+ Kg7 36. R8e7+ Kg8 37. Re8+ Kg7 38. R8e7+) 33... Rc2 $17 34. Qb3 Rxd2 35. Qxd5 Rxd5 36. Rxe4 {[%mdl 4096] Endgame KRR-KRR} Rf8 37. a4 Rf7 38. Ke3 Rfd7 39. Kf3 Kf7 40. h3 (40. Rc4 $17) 40... Rd3+ $19 41. Kf2 g5 42. a5 (42. h4 $142) 42... bxa5 43. bxa5 Ra3 44. Re8 Rxa5 45. Rh8 {aiming for Rh7+.} Kg6 46. Ree8 Ra2+ 47. Ke3 (47. Kf3 $142) 47... Ra3+ 48. Ke4 f5+ 49. Ke5 Re3# {Precision: White = 43%, Black = 72%.} 0-1

[Event "41st Eastman Open Ghent"]
[Site "Ghent"]
[Date "2018.07.14"]
[Round "1.13"]
[White "Lammens, Tim"]
[Black "Temmerman, Sander"]
[Result "1-0"]
[WhiteElo "2293"]
[BlackElo "1779"]
[Annotator "TA"]
[PlyCount "25"]
[EventDate "2018.07.15"]
[EventCountry "BEL"]
[SourceTitle "playchess.com"]
[Source "ChessBase"]
[SourceQuality "1"]

{[%evp 9,11,168,1047,1032]} 1. e4 e5 2. Bc4 Bc5 3. Nc3 Nc6 4. Qg4 Nf6 (4... g6 5. Qg3 d6 6. Nge2 Nf6 7. d3 Be6 8. Bg5 h6 9. Qh4 Bxc4 10. dxc4 hxg5 11. Qxh8+ Ke7 12. Qxd8+ Rxd8 13. h3 Nd4 {1-0 (45) Pridorozhni,A (2552)-Isajevsky,A (2403) Kazan 2016}) 5. Qxg7 Qe7 $2 {[#]} (5... Rf8) 6. Qxh8+ {C25: Vienna Game: Alternatives to 2...Nf6} {Predecessor:} Ng8 $146 7. Qxg8+ Qf8 8. Qxf8+ Kxf8 9. Nf3 Nb4 10. Bb3 d6 11. a3 Be6 12. axb4 Bxb4 13. Bxe6 {1-0 (26) Fuskova,M (1250)-Nemcova,K (1000) Sec u Chrudimi 2007} 1-0